000 00367 a2200157 4500
001 47764
020 _a9788540505971
040 _cAnchieta - Aquarius
100 _aCornille, Didier
240 1 0 _aPela casa se conhece o dono
_lpor
245 1 0 _aPela casa se conhece o dono
300 _a92
362 0 _a2014
650 4 _aLiteratura infanto-juvenil
942 _cBK
999 _c47764
_d47764